| 000 | 00841nam a22002297a 4500 | ||
|---|---|---|---|
| 008 | 160927b xxu||||| |||| 00| 0 eng d | ||
| 020 | _a9780135154038 | ||
| 050 | _aLC 1201 .M38 2010 | ||
| 100 | _aMcLeskey,James | ||
| 245 |
_aInclusion: _beffective practices for all students/ _cJames McLeskey, Michael S. Rosenberg and David L. Westling |
||
| 250 | _a1st ed. | ||
| 260 |
_aBoston: _bPEARSON, _c2010 |
||
| 300 |
_axxv, 484p. : _bill. ; |
||
| 500 | _aIncludes reference and index | ||
| 650 |
_aInclusive education _zUnited States |
||
| 650 |
_aSpecial Education _zUnited States |
||
| 650 |
_aChildren with disabilities _xEducation _zUnited States |
||
| 650 |
_aMainstreaming in Education _zUnited States |
||
| 700 | _aRosenberg, Michael S. | ||
| 700 | _aWestling, David L. | ||
| 942 |
_2lcc _cBOOKS _hLC 1201 .M38 2010 |
||
| 999 |
_c14137 _d14137 |
||